'Game of Thrones' Characters from Behind Quiz Stats

 Plays Quiz Updated Sep 23, 2016

Challenge
Share
Tweet
Score 0/24 Timer 08:00
4 Plays Today
% Correct
Cersei Lannister
97.8%
Bran Stark
95.2%
Margaery Tyrell
91.7%
Jaime Lannister
89.6%
Tyrion Lannister
89.4%
Arya Stark
89.3%
Daenerys Targaryen
88%
Sansa Stark
87.7%
Jon Snow
87.7%
Tommen Baratheon
86%
Brienne of Tarth
85.8%
Varys
84.8%
% Correct
Jorah Mormont
84.5%
Samwell Tarly
84.2%
Robb Stark
84.1%
Davos Seaworth
82.2%
Loras Tyrell
79.3%
Oberyn Martell
78.6%
Melisandre of Asshai
78.5%
Olenna Tyrell
77.4%
Lysa Arryn
73.9%
Yara Greyjoy
73.4%
Ellaria Sand
63.1%
Leaf
39.9%

You're not logged in!

Compare scores with friends on all Sporcle quizzes.
Join for Free
OR
Log In

You Might Also Like...

Show Comments

Extras

Top Quizzes Today


Score Distribution

Your Account Isn't Verified!

In order to create a playlist on Sporcle, you need to verify the email address you used during registration. Go to your Sporcle Settings to finish the process.

Report this User

Report this user for behavior that violates our Community Guidelines.

Details: